000 00307nam a2200109Ia 4500
008 220120s9999||||xx |||||||||||||| ||und||
100 _aKotur, P.B
245 0 _aComputer concepts C programming
260 _aSapna book house
_bNew Delhi
_c2006
300 _a412
_b170
650 _aELECTRONICS AND COMMUNICATIONS
999 _c132456
_d132456